000 01662cam a2200133 4500500
005 20260405051202.0
041 _afre
042 _adc
100 1 0 _aThépaut, Charles
_eauthor
245 0 0 _aLe monde arabe en morceaux : Des printemps arabes à Daech
260 _bArmand Colin,
_c2017.
520 _aVéritable boîte à outils pour suivre l’actualité politique arabe, cet ouvrage s’appuie sur l’histoire longue des pays d’Afrique du Nord et du Moyen-Orient afin d’en expliquer les dernières crises : soulèvements de 2011, chute de régimes autoritaires, émergence de Daech, affrontements confessionnels, etc.Mêlant synthèse de la recherche académique, cartes ou anecdotes de terrain, ce manuel de politique arabe décrypte l’évolution d’une région fragmentée, dont le destin est plus que jamais lié à celui de l’Europe. Le Maghreb reste un voisin mal connu. Les conflits en Syrie, en Libye et au Yémen, ou encore la reconquête irakienne contre Daech, amplifient la perception européenne d’un espace constamment en guerre. Les fortunes du Golfe alimentent les polémiques sur le rôle de ces pays dans l’économie mondiale et dans la diffusion de conceptions religieuses rigoristes.S’il faut comprendre les conflits autant que la place de la religion dans les pays arabes, il est aussi important de porter son regard au-delà des chocs les plus spectaculaires. Derrière les violences qui crèvent l’écran, les sociétés se transforment en silence et dessinent tant bien que mal leur avenir.
856 4 1 _uhttps://shs.cairn.info/le-monde-arabe-en-morceaux--9782200617097?lang=fr&redirect-ssocas=7080
999 _c2175978
_d2175978